000 00607nam a22001937a 4500
005 20240222132306.0
008 240130b |||||||| |||| 00| 0 eng d
020 _a9780323080118
082 _a617.692
_bROS-C
100 _aRosenstil, Stephen . F
245 _aContemporary fixed prosthodontics /
_cStephen F. Rosenstiel , Martin F . Land, Junhei Fujimoto .
250 _a1st ed.
260 _aIndia :
_bElsevier ;
_c2016 .
300 _axv , 989 p . :
_bill ;
_c27 cm .
500 _aInclude Index. 1st South Asia edition.
650 _aMedical/Dentistry
700 _aMartin F . Land
999 _c35126
_d35126